| 000 | 00748nam a22001937a 4500 | ||
|---|---|---|---|
| 003 | BUBTL | ||
| 008 | 190302b xxu||||| |||| 00| 0 eng d | ||
| 020 | _a9789849089735 | ||
| 082 | _a891.443/ T325a/ 2016 | ||
| 100 |
_94460 _aঠাকুর, টেকচাঁদ |
||
| 245 |
_aআলালের ঘরের দুলাল / _cটেকচাঁদ ঠাকুর |
||
| 260 |
_aঢাকা : _bজোনাকী প্রকাশনী, _cc2016. |
||
| 300 |
_a127 p. : _c22 cm. |
||
| 505 | _aআলালের ঘরের দুলাল, টেকচাঁদ ঠাকুর | ||
| 650 | 0 |
_91689 _aবাংলা সাহিত্য |
|
| 856 |
_k0 _l0 _yDownload |
||
| 942 |
_2ddc _cBK |
||
| 999 |
_c5884 _d5884 |
||